Mapa América [material cartográfico] : mapa físico escala 1 /

Guardado en:
Autor Corporativo: Sistemas Educativos.
Formato: Mapa
Publicado: Buenos Aires : Departamento de cartografía, 2006
Materias:
Etiquetas: Agregar Etiqueta
Sin Etiquetas, Sea el primero en etiquetar este registro!
LEADER 00816nem a22001935a 4500
001 CEM.cems017640
008 130507s2006##############a#####1#######d
005 20230823121924.0
245 0 0 |a Mapa América [material cartográfico] :  |b mapa físico escala 1 /  |c Realizado por Sistemas Educativos. 
255 |a e. 1 : 14.000.000 
260 |a Buenos Aires :  |b Departamento de cartografía,  |c 2006 
300 |a 1 mapa : col. 
500 |a La presente publicación se ajusta a la cartografía establecida por el Poder Ejecutivo Nacional a través del Igm - ley 22.963 - y fue aprobada por Expediente Nº Gg9 2649/5 
110 2 |a Sistemas Educativos. 
082 0 4 |a 912.8 
653 |a América-mapas 
653 |a América-mapa físico 
653 |a Mapas 
859 |a CEMS  |b BIB. CEMS - Agricultura  |h 912.8  |i Ar37-1  |p A0013.011  |t Ej.1  |v MAPA  |3 MAPA